00916nam a2200253 a 450000100100000000500170001000800410002702000150006804000250008308200150010810000410012324500680016426000310023230000210026349000230028450000340030760000260034165000440036765000480041165000400045983000300049995201180052999900150064700000713820200929154058.0790628s1978 sp 001 0bspa  a8434432005 aDO-SdBNPbspacBNPHU axxxbV422B1 aBastidas, Arístides,d1924-91979810aRafael Vegas :breportaje biográfico /cArístides Bastidas. aBarcelona :bAriel,c1978. a268 p. ;c22 cm.1 aHoras de Venezuela aIncluye índice onomástico10aVegas, Rafael.919799 0aStatesmenzVenezuelaxBiography.918147 0aPsychiatristszVenezuelaxBiography.919800 0aChild psychiatryzVenezuela.919801 0aHoras de Venezuela919802 001052708MOaGRbGRcCTd2009-09-04iLF1l0oxxx V422Bp7138-10r2020-06-25w2020-06-25y2ZPréstamo interno c6919d6919